[Event "HUN-ch U20"]
[Site "Szolnok"]
[Date "2024.04.06"]
[Round "9"]
[White "Gathi, Donat"]
[Black "Szikszai, Bertalan"]
[Result "0-1"]
[WhiteElo "2192"]
[BlackElo "2312"]
[PlyCount "128"]
[EventDate "2024.03.31"]
[EventType "swiss"]
[EventRounds "9"]
[EventCountry "HUN"]
[SourceTitle "CB16_2024"]
[SourceDate "2024.04.17"]
[SourceVersion "1"]
[SourceVersionDate "2024.04.17"]
[SourceQuality "1"]

1. e4 c5 2. Nf3 e6 3. d4 cxd4 4. Nxd4 Nf6 5. Nc3 Nc6 6. Ndb5 Bc5 7. Bf4 0-0 8. Bc7 Qe7 9. Bd6 Bxd6 10. Qxd6 Qd8 11. 0-0-0 a6 12. Nd4 Ne7 13. h4 Ne8 14. Qg3 b5 15. Bd3 b4 16. Nce2 d6 17. f4 Bb7 18. h5 h6 19. Kb1 Qc7 20. Rh4 Qc5 21. e5 Bd5 22. Rg4 Kh8 23. f5 dxe5 24. f6 Nxf6 25. Rxg7 Rg8 26. Rxg8+ Nexg8 27. Nb3 Bxb3 28. axb3 Rd8 29. Rf1 e4 30. Bc4 a5 31. Qh4 Qg5 32. Qxg5 hxg5 33. Kc1 Kg7 34. Ng3 Rc8 35. Re1 Rc5 36. Kd2 g4 37. Ke3 Nxh5 38. Nxe4 Rf5 39. Bd3 Re5 40. Kd4 Rd5+ 41. Kc4 Ngf6 42. Nc5 Ne8 43. Kb5 Nf4 44. Bc4 Rg5 45. g3 Nh5 46. Re3 Nd6+ 47. Kb6 Nf5 48. Re1 Nfxg3 49. c3 Nf4 50. Rg1 Nge2 51. Bxe2 Nxe2 52. Rg2 Nf4 53. Rg1 bxc3 54. bxc3 Ne2 55. Ne4 Nxg1 56. Nxg5 Nf3 57. Ne4 f5 58. Ng3 Nd2 59. Kxa5 Ne4 60. Ne2 e5 61. b4 f4 62. Nc1 g3 63. b5 f3 64. b6 Nd6 0-1

[Event "HUN-ch U20"]
[Site "Szolnok"]
[Date "2024.04.04"]
[Round "6"]
[White "Szikszai, Bertalan"]
[Black "Kocsmar, Akos"]
[Result "1/2-1/2"]
[WhiteElo "2312"]
[BlackElo "2029"]
[PlyCount "50"]
[EventDate "2024.03.31"]
[EventType "swiss"]
[EventRounds "9"]
[EventCountry "HUN"]
[SourceTitle "CB16_2024"]
[SourceDate "2024.04.17"]
[SourceVersion "1"]
[SourceVersionDate "2024.04.17"]
[SourceQuality "1"]

1. e4 c6 2. Nc3 d5 3. Nf3 dxe4 4. Nxe4 Nf6 5. Nxf6+ exf6 6. d4 Bd6 7. Bd3 0-0 8. Be3 Na6 9. c3 Nc7 10. Qc2 h6 11. 0-0-0 Be6 12. Kb1 Nd5 13. Nd2 Re8 14. Ne4 Bf8 15. Bd2 Qc7 16. Ng3 Rad8 17. Rhe1 Nb6 18. Bf5 Bd5 19. b3 Be6 20. Nh5 Qd7 21. Rxe6 fxe6 22. Bg6 Nd5 23. Re1 Kh8 24. Qe4 Re7 25. Qh4 b5 1/2-1/2

[Event "HUN-ch U20"]
[Site "Szolnok"]
[Date "2024.04.02"]
[Round "2"]
[White "Szikszai, Bertalan"]
[Black "Fule, Simon"]
[Result "1/2-1/2"]
[WhiteElo "2312"]
[BlackElo "2262"]
[PlyCount "55"]
[EventDate "2024.03.31"]
[EventType "swiss"]
[EventRounds "9"]
[EventCountry "HUN"]
[SourceTitle "CB16_2024"]
[SourceDate "2024.04.17"]
[SourceVersion "1"]
[SourceVersionDate "2024.04.17"]
[SourceQuality "1"]

1. e4 e5 2. Nf3 Nc6 3. Bc4 Nf6 4. d3 h6 5. c3 d6 6. 0-0 g5 7. a4 Bg7 8. a5 a6 9. Nbd2 Nh5 10. g3 Qf6 11. Nh4 gxh4 12. Qxh5 Bh3 13. Re1 Ne7 14. Nf3 Ng6 15. Be3 Bf8 16. d4 Be7 17. Kh1 Rg8 18. Ng1 Be6 19. Bxe6 Qxe6 20. Qf5 exd4 21. Bxd4 0-0-0 22. Nf3 hxg3 23. hxg3 h5 24. Be3 h4 25. Nd4 Qxf5 26. exf5 Ne5 27. Kg2 hxg3 28. fxg3 1/2-1/2

[Event "HUN-ch U20"]
[Site "Budapest"]
[Date "2024.03.16"]
[Round "6"]
[White "Szikszai, Bertalan"]
[Black "Pasti, Aron"]
[Result "0-1"]
[WhiteElo "2312"]
[BlackElo "2373"]
[PlyCount "108"]
[EventDate "2024.03.11"]
[EventType "tourn"]
[EventRounds "9"]
[EventCountry "HUN"]
[EventCategory "4"]
[SourceTitle "CB13_2024"]
[SourceDate "2024.03.27"]
[SourceVersion "1"]
[SourceVersionDate "2024.03.27"]
[SourceQuality "1"]

1. e4 e5 2. Nf3 Nc6 3. Bc4 Nf6 4. d3 Be7 5. 0-0 0-0 6. c3 d5 7. exd5 Nxd5 8. a4 Nb6 9. Bb5 Nd7 10. a5 f5 11. Nbd2 Bf6 12. Re1 a6 13. Bc4+ Kh8 14. Nf1 Re8 15. Ng3 g6 16. Bh6 Nf8 17. Qa4 Be6 18. Rad1 Bxc4 19. dxc4 Qe7 20. Nd4 Nb8 21. Nc2 Ne6 22. Qb4 c5 23. Qa4 Qf7 24. Rd5 Nc6 25. Red1 Rad8 26. Bc1 e4 27. Ne3 Ne5 28. Rxd8 Rxd8 29. Nd5 Nd3 30. Qb3 Be5 31. Qb6 Rd6 32. Qb3 Qd7 33. Rf1 Qc6 34. Bh6 Nc7 35. Nxc7 Qxc7 36. f3 e3 37. Qa4 Rd8 38. Bg5 Bxg3 39. Bf6+ Kg8 40. hxg3 e2 41. Bxd8 Qxd8 42. Qc2 exf1Q+ 43. Kxf1 Ne5 44. Kg1 Qxa5 45. Qd2 Nf7 46. Kh2 Qd8 47. Qe3 b6 48. Qe6 a5 49. b3 Qd6 50. Qe8+ Kg7 51. Qe3 h5 52. Kh3 Qe5 53. Qd3 Ng5+ 54. Kh2 f4 0-1

[Event "HUN-ch U20"]
[Site "Budapest"]
[Date "2024.03.14"]
[Round "4"]
[White "Szikszai, Bertalan"]
[Black "Palczert, Matyas"]
[Result "0-1"]
[WhiteElo "2312"]
[BlackElo "2297"]
[PlyCount "104"]
[EventDate "2024.03.11"]
[EventType "tourn"]
[EventRounds "9"]
[EventCountry "HUN"]
[EventCategory "4"]
[SourceTitle "CB13_2024"]
[SourceDate "2024.03.27"]
[SourceVersion "1"]
[SourceVersionDate "2024.03.27"]
[SourceQuality "1"]

1. e4 c6 2. d4 d5 3. e5 Bf5 4. h4 h5 5. Bd3 Bxd3 6. Qxd3 Qa5+ 7. c3 e6 8. a4 Qa6 9. Qxa6 Nxa6 10. b4 Nc7 11. a5 f6 12. Bf4 Nb5 13. Ne2 Ne7 14. Nd2 Ng6 15. Bg3 fxe5 16. Bxe5 Nxe5 17. dxe5 0-0-0 18. Rh3 d4 19. c4 Nc3 20. c5 Be7 21. Nf4 Bxh4 22. Nc4 Be7 23. Nxe6 Rd7 24. Rd3 Nd5 25. Rb1 Rh6 26. Nxd4 Nxb4 27. Rxb4 Bxc5 28. Ra4 Bxd4 29. Nd6+ Rdxd6 30. exd6 c5 31. a6 Re6+ 32. Kf1 b6 33. Rf3 Rxd6 34. Rf7 Rd7 35. Rf8+ Kc7 36. Ra3 c4 37. Ke2 Bc5 38. Ra8 b5 39. Rg3 Kb6 40. Rg5 Rc7 41. Rg6+ Ka5 42. Re8 Bb4 43. Kd1 Rd7+ 44. Kc1 Ka4 45. Rb8 c3 46. Rc6 Rd2 47. Rb7 Ba3+ 48. Kb1 b4 49. Rxa7 Kb3 50. Rxc3+ Kxc3 51. Rc7+ Kb3 52. a7 Rd1+ 0-1

[Event "HUN-ch U20"]
[Site "Budapest"]
[Date "2024.03.11"]
[Round "1"]
[White "Juhasz, Agoston Botond"]
[Black "Szikszai, Bertalan"]
[Result "1-0"]
[WhiteElo "2406"]
[BlackElo "2312"]
[PlyCount "99"]
[EventDate "2024.03.11"]
[EventType "tourn"]
[EventRounds "9"]
[EventCountry "HUN"]
[EventCategory "4"]
[SourceTitle "CB13_2024"]
[SourceDate "2024.03.27"]
[SourceVersion "1"]
[SourceVersionDate "2024.03.27"]
[SourceQuality "1"]

1. e4 c5 2. Nf3 d6 3. Bb5+ Nd7 4. 0-0 a6 5. Bd3 Ngf6 6. Re1 e6 7. Bf1 Be7 8. d4 cxd4 9. Nxd4 0-0 10. c4 Qc7 11. b3 b6 12. Bb2 Bb7 13. Nc3 Rfe8 14. Qd2 Rac8 15. Rad1 Nc5 16. f3 Bf8 17. Kh1 Ncd7 18. Qf2 Ne5 19. Rc1 Nfd7 20. Qg3 Ng6 21. Red1 h5 22. f4 Nf6 23. Re1 e5 24. fxe5 Nxe5 25. Nd5 Nxd5 26. exd5 Qd7 27. Nf3 Ng4 28. h3 Nh6 29. Bd3 b5 30. Ng5 bxc4 31. bxc4 Nf5 32. Qf3 g6 33. g4 Ng7 34. Rf1 Re7 35. gxh5 Nf5 36. Ne4 Bg7 37. Bxg7 Kxg7 38. Rg1 Rh8 39. Rcf1 Bc8 40. hxg6 fxg6 41. Rxg6+ Kxg6 42. Qg4+ Kf7 43. Rxf5+ Ke8 44. Nf6+ Kd8 45. Nxd7 Bxd7 46. Qg3 Bxf5 47. Qxd6+ Bd7 48. Qb6+ Kc8 49. Qxa6+ Kd8 50. Qa5+ 1-0

[Event "HUN-chT 2324"]
[Site "Hungary"]
[Date "2023.12.10"]
[Round "3.9"]
[White "Borocz, Istvan"]
[Black "Szikszai, Bertalan"]
[Result "1/2-1/2"]
[WhiteElo "2313"]
[BlackElo "2263"]
[PlyCount "149"]
[EventDate "2023.10.28"]
[EventType "team-tourn"]
[EventRounds "9"]
[EventCountry "HUN"]
[SourceTitle "CB16_2024"]
[SourceDate "2024.04.17"]
[SourceVersion "1"]
[SourceVersionDate "2024.04.17"]
[SourceQuality "1"]
[WhiteTeam "Dunaharaszti"]
[BlackTeam "Biatorbagy"]
[WhiteTeamCountry "HUN"]
[BlackTeamCountry "HUN"]

1. e4 c5 2. Nf3 d6 3. Bb5+ Nd7 4. 0-0 a6 5. Bd3 Ngf6 6. Re1 b5 7. Bf1 Bb7 8. d3 e6 9. Nc3 Be7 10. Ne2 0-0 11. Ng3 Rc8 12. c3 Qc7 13. h3 Rfd8 14. Bd2 Ne5 15. Rc1 Nfd7 16. d4 Nc4 17. Bxc4 bxc4 18. Qe2 Nf6 19. Bg5 Qa5 20. d5 Qxa2 21. Ra1 Qb3 22. Nd2 Qc2 23. dxe6 fxe6 24. Nxc4 Qxe2 25. Rxe2 h6 26. Bf4 Ne8 27. Rd1 d5 28. exd5 Bxd5 29. Ne3 Bb7 30. Rde1 Nc7 31. Nc4 Nd5 32. Bc1 Bf8 33. Rxe6 Rc7 34. R6e2 Nf6 35. Bf4 Rcd7 36. Nf5 Rd1 37. Nfe3 Rxe1+ 38. Rxe1 Nd5 39. Rd1 Be7 40. Nxd5 Rxd5 41. Rxd5 Bxd5 42. Bd6 Bxc4 43. Bxe7 Kf7 44. Bxc5 g6 45. g4 Ke6 46. Kg2 Ke5 47. Kg3 Bf1 48. h4 Be2 49. f3 h5 50. Bd4+ Kd5 51. b4 Bd1 52. Kf4 Be2 53. Bg7 Bd1 54. Bh8 Be2 55. Ke3 Bd1 56. Kf4 Be2 57. Kg3 Bd1 58. Kf4 Be2 59. gxh5 gxh5 60. Ke3 Bd1 61. Bd4 Bc2 62. Kd2 Bg6 63. Kc1 Kc4 64. Kb2 Bf5 65. Ka3 Kb5 66. Be5 Be6 67. f4 Bf5 68. Kb2 Kc4 69. Ka3 Kb5 70. c4+ Kxc4 71. Ka4 Kd5 72. Ka5 Bd3 73. Kb6 Ke6 74. Kc5 Kf5 75. Kd4 1/2-1/2

[Event "Titled Tuesday intern op 26th Sep Early"]
[Site "Chess.com INT"]
[Date "2023.09.26"]
[Round "11"]
[White "Cardozo Munar, Carlos Eduardo"]
[Black "Szikszai, Bertalan"]
[Result "0-1"]
[WhiteElo "2043"]
[BlackElo "2263"]
[PlyCount "114"]
[EventDate "2023.09.26"]
[EventType "swiss (blitz)"]
[EventRounds "11"]
[EventCountry "USA"]
[SourceTitle "EXT 2024"]
[Source "ChessBase"]
[SourceDate "2023.10.10"]
[SourceVersion "1"]
[SourceVersionDate "2023.10.10"]
[SourceQuality "1"]

1. d4 d5 2. c3 g6 3. Nf3 Bg7 4. Bf4 Nf6 5. Nbd2 0-0 6. e3 b6 7. Bd3 Bb7 8. 0-0 c5 9. Re1 Nc6 10. Ne5 Rc8 11. h3 Nd7 12. Ndf3 f6 13. Nxd7 Qxd7 14. dxc5 bxc5 15. Bg3 e5 16. e4 d4 17. cxd4 cxd4 18. Rc1 Kh8 19. Bb5 Qe6 20. Qa4 Ne7 21. Qxa7 Rxc1 22. Rxc1 Bxe4 23. Rc7 Nf5 24. Bc4 Qd6 25. Rd7 Qc6 26. Rxg7 Nxg7 27. Nxe5 fxe5 28. Bxe5 Qb7 29. Qxd4 Bf5 30. b3 h6 31. Bd5 Qe7 32. a4 Kh7 33. a5 Ne6 34. Qb6 Ng5 35. f4 Nf7 36. Bc7 Qe1+ 37. Kh2 Qd2 38. Bf3 Qd7 39. a6 Be6 40. Qc5 Rc8 41. a7 Rxc7 42. Qxc7 Qxc7 43. a8Q Qxf4+ 44. Kg1 Qe3+ 45. Kh2 Qe5+ 46. Kg1 h5 47. Qe4 Qxe4 48. Bxe4 Bxb3 49. Bf3 Kg7 50. Kf2 Kf6 51. Be4 Be6 52. Bf3 Bf5 53. Be2 Bd7 54. Bf3 Ne5 55. Be4 g5 56. Bd5 h4 57. Be4 Bc6 0-1

[Event "Titled Tuesday intern op 26th Sep Early"]
[Site "Chess.com INT"]
[Date "2023.09.26"]
[Round "10"]
[White "Szikszai, Bertalan"]
[Black "Weisz, Bryan"]
[Result "0-1"]
[WhiteElo "2263"]
[BlackElo "1985"]
[PlyCount "60"]
[EventDate "2023.09.26"]
[EventType "swiss (blitz)"]
[EventRounds "11"]
[EventCountry "USA"]
[SourceTitle "EXT 2024"]
[Source "ChessBase"]
[SourceDate "2023.10.10"]
[SourceVersion "1"]
[SourceVersionDate "2023.10.10"]
[SourceQuality "1"]

1. Nf3 Nc6 2. c4 e5 3. d3 Nf6 4. g3 d5 5. cxd5 Nxd5 6. Bg2 Be6 7. 0-0 f6 8. Nc3 Nb6 9. a3 Qd7 10. b4 0-0-0 11. Be3 Bh3 12. Ne4 h5 13. b5 Nd4 14. Bxd4 exd4 15. a4 h4 16. a5 Nd5 17. b6 cxb6 18. axb6 a6 19. Re1 hxg3 20. fxg3 Bxg2 21. Qc1+ Kb8 22. Kxg2 Bb4 23. Rg1 Ne3+ 24. Kh1 g5 25. Nc5 Qd5 26. Rxa6 Qxc5 27. Qa1 bxa6 28. Qxa6 Rh7 29. Ra1 Ba3 30. Ra2 Qc1+ 0-1

[Event "Titled Tuesday intern op 19th Sep Early"]
[Site "Chess.com INT"]
[Date "2023.09.19"]
[Round "3"]
[White "Bodnaruk, Anastasia"]
[Black "Szikszai, Bertalan"]
[Result "0-1"]
[WhiteElo "2340"]
[BlackElo "2263"]
[PlyCount "72"]
[EventDate "2023.09.19"]
[EventType "swiss (blitz)"]
[EventRounds "11"]
[EventCountry "USA"]
[SourceTitle "EXT 2024"]
[Source "ChessBase"]
[SourceDate "2023.10.10"]
[SourceVersion "1"]
[SourceVersionDate "2023.10.10"]
[SourceQuality "1"]

1. e4 c5 2. Nc3 Nc6 3. Bb5 Nd4 4. Bc4 e6 5. Nge2 a6 6. a4 Nf6 7. 0-0 Nc6 8. d3 Be7 9. Bb3 0-0 10. f4 d5 11. e5 Nd7 12. Kh1 Rb8 13. d4 b5 14. axb5 axb5 15. Be3 c4 16. Ba2 b4 17. Na4 Ba6 18. c3 Bb5 19. Bb1 g6 20. Nc5 Nxc5 21. dxc5 Qc7 22. Nd4 Nxd4 23. cxd4 Ra8 24. Rxa8 Rxa8 25. Re1 Ra1 26. g4 Qa5 27. f5 c3 28. b3 Qa3 29. Qc2 Qb2 30. Qxb2 cxb2 31. Bd2 Bg5 32. Bxg5 Bd3 33. c6 Bxb1 34. c7 Be4+ 35. Kg1 Rxe1+ 36. Kf2 Rc1 0-1

[Event "Titled Tuesday intern op 19th Sep Early"]
[Site "Chess.com INT"]
[Date "2023.09.19"]
[Round "2"]
[White "Perera Alfonso, Rene Humberto"]
[Black "Szikszai, Bertalan"]
[Result "0-1"]
[WhiteElo "2298"]
[BlackElo "2263"]
[PlyCount "116"]
[EventDate "2023.09.19"]
[EventType "swiss (blitz)"]
[EventRounds "11"]
[EventCountry "USA"]
[SourceTitle "EXT 2024"]
[Source "ChessBase"]
[SourceDate "2023.10.10"]
[SourceVersion "1"]
[SourceVersionDate "2023.10.10"]
[SourceQuality "1"]

1. e4 c5 2. Nf3 e6 3. d4 cxd4 4. Nxd4 Nc6 5. Nc3 Qc7 6. g3 a6 7. Nb3 Nf6 8. Bg2 h5 9. 0-0 Be7 10. f4 d6 11. Qe2 b5 12. h3 Bb7 13. Be3 Rc8 14. a3 Na5 15. Nxa5 Qxa5 16. Qf2 Rxc3 17. Bd2 Rxc2 18. Bxa5 Rxf2 19. Kxf2 Nxe4+ 20. Bxe4 Bxe4 21. Rac1 0-0 22. Rfe1 f5 23. Red1 Bd5 24. Rd2 Bf6 25. Bc7 Rc8 26. Rdc2 Bd4+ 27. Ke1 Be4 28. Rc3 Bxc3+ 29. Rxc3 d5 30. Kd2 d4 31. Rc5 Kf7 32. b4 g6 33. Be5 Rxc5 34. bxc5 Ke7 35. Bxd4 Kd7 36. Kc3 Kc6 37. Kb4 Bg2 38. h4 Kb7 39. Ka5 Bd5 40. Kb4 Be4 41. Ka5 Bd5 42. Be5 Be4 43. Bd6 Bd5 44. Kb4 Be4 45. Kc3 Kc6 46. Kd4 Bd5 47. Ke5 a5 48. Kf6 b4 49. axb4 axb4 50. Kxg6 Bf3 51. Kf6 b3 52. Be5 Kxc5 53. Kxe6 Bg4 54. Bf6 Kc4 55. Kd6 Kd3 56. Kc5 Kc2 57. Kd6 b2 58. Bxb2 Kxb2 0-1

[Event "Titled Tuesday intern op 19th Sep Early"]
[Site "Chess.com INT"]
[Date "2023.09.19"]
[Round "11"]
[White "Szikszai, Bertalan"]
[Black "Tristan, Leonardo"]
[Result "0-1"]
[WhiteElo "2263"]
[BlackElo "2523"]
[PlyCount "96"]
[EventDate "2023.09.19"]
[EventType "swiss (blitz)"]
[EventRounds "11"]
[EventCountry "USA"]
[SourceTitle "EXT 2024"]
[Source "ChessBase"]
[SourceDate "2023.10.10"]
[SourceVersion "1"]
[SourceVersionDate "2023.10.10"]
[SourceQuality "1"]

1. e4 d5 2. exd5 Qxd5 3. Nc3 Qa5 4. Nf3 Nf6 5. d4 Bf5 6. Ne5 c6 7. Bd3 Bxd3 8. Qxd3 Nbd7 9. Nxd7 Nxd7 10. Bf4 e6 11. 0-0 Be7 12. Ne4 0-0 13. a3 Qf5 14. Bg3 Rfd8 15. Qe2 Nb6 16. Rad1 Rac8 17. Be5 Nd7 18. Bd6 Bf8 19. Rfe1 Nb6 20. Bxf8 Kxf8 21. c4 Rc7 22. c5 Nc8 23. g4 Qf4 24. h3 Rcd7 25. Qe3 Qxe3 26. fxe3 e5 27. Ng5 exd4 28. exd4 h6 29. Nf3 Ne7 30. Re4 Nd5 31. Rde1 Re7 32. Rxe7 Nxe7 33. Kf2 Ng6 34. Re4 Ne7 35. Ke2 Nd5 36. Kd3 g5 37. Kc4 Kg7 38. h4 f6 39. hxg5 hxg5 40. Re6 Kf7 41. Re4 Rh8 42. Ne1 Rh3 43. Nd3 Ne3+ 44. Kb3 Nxg4 45. Kc3 Rxd3+ 46. Kxd3 Nf2+ 47. Ke3 Nxe4 48. Kxe4 Ke6 0-1

[Event "Budapest One Week GM-B"]
[Site "Budapest"]
[Date "2023.08.27"]
[Round "9"]
[White "Szikszai, Bertalan"]
[Black "Setyaki, Azarya Jodi"]
[Result "0-1"]
[WhiteElo "2282"]
[BlackElo "2401"]
[PlyCount "66"]
[EventDate "2023.08.21"]
[EventType "tourn"]
[EventRounds "9"]
[EventCountry "HUN"]
[EventCategory "6"]
[SourceTitle "CBM 215 Extra"]
[Source "ChessBase"]
[SourceDate "2023.09.30"]
[SourceVersion "1"]
[SourceVersionDate "2023.09.30"]
[SourceQuality "1"]

1. e4 e5 2. Nf3 Nc6 3. Bb5 a6 4. Ba4 Nf6 5. 0-0 d6 6. Re1 Bd7 7. c3 g6 8. d4 Bg7 9. h3 0-0 10. Bc2 Nh5 11. a4 Qe8 12. Na3 f5 13. exf5 gxf5 14. Ng5 Nf6 15. dxe5 dxe5 16. Nc4 Rd8 17. Bb3 Kh8 18. Qc2 e4 19. Nf3 Be6 20. Ncd2 Bc8 21. Nc4 Nh5 22. Ng5 Qg6 23. h4 b5 24. axb5 axb5 25. Na3 Ne5 26. Nxb5 h6 27. Nxc7 hxg5 28. hxg5 Nd3 29. Rf1 f4 30. Ra5 Rf5 31. Rxf5 Bxf5 32. Nd5 Qxg5 33. f3 e3 0-1

[Event "Budapest FS08 IM"]
[Site "Budapest"]
[Date "2023.08.12"]
[Round "7"]
[White "Szikszai, Bertalan"]
[Black "Ostovic, Matija"]
[Result "1/2-1/2"]
[WhiteElo "2282"]
[BlackElo "2391"]
[PlyCount "116"]
[EventDate "2023.08.05"]
[EventType "tourn"]
[EventRounds "9"]
[EventCountry "HUN"]
[EventCategory "2"]
[SourceTitle "CBM 215 Extra"]
[Source "ChessBase"]
[SourceDate "2023.09.30"]
[SourceVersion "1"]
[SourceVersionDate "2023.09.30"]
[SourceQuality "1"]

1. e4 e5 2. Nf3 d6 3. d4 exd4 4. Nxd4 Nf6 5. Nc3 g6 6. Be2 Bg7 7. 0-0 0-0 8. Re1 Re8 9. Bf1 c6 10. a4 a5 11. Bf4 Na6 12. Bxa6 Rxa6 13. Qd2 Nd7 14. Rad1 Ne5 15. b3 Qb6 16. Nde2 Ng4 17. Bg3 Be5 18. h3 Nf6 19. Kh1 Nh5 20. Bxe5 dxe5 21. Qe3 Qxe3 22. fxe3 Ra8 23. Rd6 Be6 24. Red1 Kf8 25. Ng1 Ke7 26. g4 Ng7 27. Nf3 f6 28. Kg2 Rf8 29. g5 Ne8 30. R6d2 fxg5 31. Nxg5 Nf6 32. Rd6 Bg8 33. Nf3 Nd5 34. exd5 Kxd6 35. dxc6+ Kxc6 36. Nxe5+ Kc5 37. Nd7+ Kc6 38. Nxf8 Rxf8 39. Rd4 Re8 40. Kf3 Be6 41. h4 h6 42. Kf4 b6 43. Ne4 Re7 44. Nf6 Kc5 45. Rd8 Kb4 46. Rd6 Kc3 47. Rc6+ Kb2 48. e4 Bf7 49. Nd5 Rb7 50. Nc7 Rb8 51. Ke5 g5 52. hxg5 hxg5 53. Kf6 Bh5 54. Kxg5 Bd1 55. c4 Bxb3 56. c5 bxc5 57. Rxc5 Rb4 58. Rxa5 Rxe4 1/2-1/2

[Event "Budapest FS08 IM"]
[Site "Budapest"]
[Date "2023.08.08"]
[Round "4"]
[White "Padhye, Rohan"]
[Black "Szikszai, Bertalan"]
[Result "1-0"]
[WhiteElo "2237"]
[BlackElo "2282"]
[PlyCount "107"]
[EventDate "2023.08.05"]
[EventType "tourn"]
[EventRounds "9"]
[EventCountry "HUN"]
[EventCategory "2"]
[SourceTitle "CBM 215 Extra"]
[Source "ChessBase"]
[SourceDate "2023.09.30"]
[SourceVersion "1"]
[SourceVersionDate "2023.09.30"]
[SourceQuality "1"]

1. e4 c5 2. Nf3 d6 3. d4 cxd4 4. Nxd4 Nf6 5. Nc3 a6 6. Bd3 e5 7. Nde2 Be7 8. 0-0 0-0 9. Ng3 Nc6 10. Nd5 Nxd5 11. exd5 Nb4 12. Be4 a5 13. c3 Na6 14. Nf5 Bxf5 15. Bxf5 g6 16. Bc2 Bg5 17. Bxg5 Qxg5 18. g3 Rfe8 19. h4 Qd8 20. Qd2 Nc5 21. Kg2 Kg7 22. h5 f5 23. Rh1 Qf6 24. hxg6 hxg6 25. Qh6+ Kf7 26. Qh7+ Qg7 27. g4 e4 28. Kg3 Rh8 29. Qxg7+ Kxg7 30. gxf5 gxf5 31. f3 exf3 32. Kxf3 Kf6 33. Kf4 a4 34. Bxf5 a3 35. b4 Na4 36. c4 b5 37. cxb5 Nc3 38. Rhf1 Rh5 39. Be6 Rah8 40. Rac1 Nxb5 41. Ke4+ Kg7 42. Rf7+ Kg6 43. Rb7 Rh4+ 44. Kd3 Nd4 45. Rg1+ Kh6 46. Bg4 Kg5 47. Kxd4 Rxg4+ 48. Rxg4+ Kxg4 49. Ra7 Kf5 50. Rf7+ Kg6 51. Rf2 Rh1 52. Rf3 Rh4+ 53. Kc3 Rh5 54. Kb3 1-0

[Event "HUN-ch Rapid"]
[Site "Ajka"]
[Date "2023.07.21"]
[Round "4"]
[White "Nemeth, Miklos"]
[Black "Szikszai, Bertalan"]
[Result "1-0"]
[WhiteElo "2443"]
[BlackElo "2211"]
[PlyCount "99"]
[EventDate "2023.07.21"]
[EventType "swiss (rapid)"]
[EventRounds "13"]
[EventCountry "HUN"]
[SourceTitle "CBM 215 Extra"]
[Source "ChessBase"]
[SourceDate "2023.09.30"]
[SourceVersion "1"]
[SourceVersionDate "2023.09.30"]
[SourceQuality "1"]

1. e4 c5 2. Nf3 d6 3. d4 cxd4 4. Qxd4 Nf6 5. Nc3 Nc6 6. Bb5 Bd7 7. Qe3 a6 8. Be2 g6 9. h3 Bg7 10. 0-0 0-0 11. Rd1 Rc8 12. a3 Re8 13. Bf1 Qc7 14. Nd5 Nxd5 15. exd5 Na5 16. c3 Nb3 17. Rb1 b5 18. Bd3 Nc5 19. Bc2 Rcd8 20. Qf4 e5 21. dxe6 Bxe6 22. Nd4 Bc4 23. Be3 Ne6 24. Nxe6 fxe6 25. h4 Rf8 26. Qg4 Qf7 27. Rd2 e5 28. Qd1 Qe7 29. h5 Bf7 30. hxg6 Bxg6 31. Bxg6 hxg6 32. Qg4 Qf7 33. a4 d5 34. axb5 axb5 35. Rbd1 d4 36. cxd4 exd4 37. f3 dxe3 38. Rxd8 e2 39. Rxf8+ Bxf8 40. Re1 Bc5+ 41. Kh2 Qh7+ 42. Kg3 Bd6+ 43. f4 Qf7 44. Rxe2 Kh7 45. Rd2 Qb3+ 46. Kh2 Be7 47. Rd7 Qf7 48. Qe2 Qxf4+ 49. g3 Qh6+ 50. Kg2 1-0

[Event "Balatonlelle Rigo Memorial IM 2nd"]
[Site "Balatonlelle"]
[Date "2023.06.22"]
[Round "9"]
[White "Colijn, Stefan"]
[Black "Szikszai, Bertalan"]
[Result "1/2-1/2"]
[WhiteElo "2277"]
[BlackElo "2205"]
[PlyCount "200"]
[EventDate "2023.06.14"]
[EventType "tourn"]
[EventRounds "9"]
[EventCountry "HUN"]
[EventCategory "1"]
[SourceTitle "CBM 214 Extra"]
[Source "ChessBase"]
[SourceDate "2023.07.31"]
[SourceVersion "1"]
[SourceVersionDate "2023.07.31"]
[SourceQuality "1"]

1. d4 Nf6 2. Nf3 e6 3. Bf4 c5 4. c3 Nc6 5. e3 d5 6. Nbd2 h6 7. Bd3 Be7 8. Ne5 Nxe5 9. Bxe5 0-0 10. h4 Nd7 11. Bf4 Qb6 12. Rb1 Bd6 13. Qg4 Bxf4 14. Qxf4 cxd4 15. cxd4 Re8 16. Nf3 f6 17. Qg3 Qb4+ 18. Kf1 Re7 19. h5 e5 20. Bf5 Nf8 21. Qg4 Qc4+ 22. Kg1 Qd3 23. Bxd3 Bxg4 24. Nh4 e4 25. Bc2 Rc8 26. Bb3 Rd7 27. f3 exf3 28. Nxf3 Bf5 29. Re1 Be4 30. Nd2 f5 31. Nxe4 fxe4 32. Rh4 Kh8 33. Rf4 Nh7 34. Rf5 Nf6 35. Kh2 a6 36. Kh3 Rc6 37. g4 Kh7 38. g5 hxg5 39. Rxg5 Rcd6 40. Kh4 Ng8 41. Rf1 Rf6 42. Rff5 Ne7 43. Re5 Rf3 44. Bxd5 Nxd5 45. Rxd5 Rxd5 46. Rxd5 Rxe3 47. Rd7 Re2 48. Rxb7 Rd2 49. Kg4 e3 50. Kf3 e2 51. Kf2 Rxd4 52. Kxe2 Rh4 53. Ra7 Rh2+ 54. Kf3 Rxb2 55. Rxa6 Rb4 56. Kg3 Rb5 57. Kg4 Rb4+ 58. Kg3 Rb5 59. Ra4 Kh6 60. Rh4 Rb2 61. Rh2 Rb4 62. Kf3 g6 63. hxg6+ Kxg6 64. Ke3 Kf5 65. Kd3 Ke5 66. Kc3 Rb1 67. Rd2 Ke6 68. Kc4 Rc1+ 69. Kb5 Rb1+ 70. Ka6 Ra1 71. Ka5 Rb1 72. Rd8 Ke7 73. Rd4 Rb2 74. a4 Ke6 75. Ka6 Ke7 76. Rd5 Rb4 77. a5 Ke6 78. Rd1 Rb2 79. Ka7 Ke7 80. Rd3 Rb1 81. a6 Rb2 82. Rd1 Rb3 83. Rd4 Rb1 84. Rd5 Rb2 85. Rd3 Rb1 86. Rd2 Rb3 87. Rd5 Rb1 88. Ka8 Rb2 89. Rd1 Rb3 90. Rd2 Rb1 91. Rd4 Rb2 92. Rd1 Rb3 93. Rd2 Rb1 94. Rd3 Rb2 95. Rh3 Kd7 96. Rh7+ Kc8 97. Rb7 Ra2 98. a7 Rh2 99. Rb3 Rc2 100. Rc3+ Rxc3 1/2-1/2

[Event "Balatonlelle Rigo Memorial IM 2nd"]
[Site "Balatonlelle"]
[Date "2023.06.17"]
[Round "4"]
[White "Szikszai, Bertalan"]
[Black "Bhagat, Kush"]
[Result "1-0"]
[WhiteElo "2205"]
[BlackElo "2186"]
[PlyCount "109"]
[EventDate "2023.06.14"]
[EventType "tourn"]
[EventRounds "9"]
[EventCountry "HUN"]
[EventCategory "1"]
[SourceTitle "CBM 214 Extra"]
[Source "ChessBase"]
[SourceDate "2023.07.31"]
[SourceVersion "1"]
[SourceVersionDate "2023.07.31"]
[SourceQuality "1"]

1. e4 c5 2. Nf3 d6 3. d4 cxd4 4. Nxd4 Nf6 5. Nc3 Nc6 6. Be3 Ng4 7. Nxc6 bxc6 8. Bc1 Qb6 9. Qd2 g6 10. h3 Nf6 11. Bd3 Bg7 12. b3 0-0 13. Bb2 d5 14. 0-0-0 e5 15. Rhe1 d4 16. Na4 Qc7 17. Ba3 Rd8 18. Kb1 Nd7 19. Bc4 Bf8 20. Bxf8 Rxf8 21. f4 Nb6 22. Qa5 Re8 23. Rf1 Qb8 24. Nb2 Be6 25. Bxe6 Rxe6 26. f5 Re8 27. Rf3 Qd6 28. Rdf1 Re7 29. Qd2 c5 30. Qh6 Rc7 31. h4 Qf8 32. Qc1 c4 33. h5 Rac8 34. fxg6 d3 35. Rxf7 dxc2+ 36. Ka1 Rxf7 37. gxf7+ Kh8 38. Qg5 Qg7 39. Qe7 Rf8 40. h6 Qxh6 41. Qxe5+ Qg7 42. Qxg7+ Kxg7 43. Nxc4 Nxc4 44. bxc4 c1Q+ 45. Rxc1 Rxf7 46. c5 Kg6 47. c6 Rc7 48. Rc5 Kf6 49. Kb2 Ke6 50. Kc3 Kd6 51. Kd4 Rc8 52. c7 a6 53. e5+ Ke6 54. Rc6+ Kd7 55. Kd5 1-0